000 01609nam a2200289Ia 4500
999 _c54528
_d54528
001 21592
003 GE_BSU
005 20211207172520.0
008 181216s1949||||ge |||||||||||||| ||geo||
040 _cGE_BSU
041 _ageo
080 _a811.353.1-86 ი-50
100 _aიმნაიშვილი, ი.
_913205
245 _aქართული ენის ისტორიული ქრესტომათია ტ. 1 :
_bV-X საუკუნის ძეგლები /
_cი. იმნაიშვილი ; გამოსცა და ლექსიკონი დაურთო ი. იმნაიშვილმა. ; ა. შანიძის რედაქციით.
264 _aთბილისი :
_bსამეცნ.-მეთოდ. კაბინეტის გამ-ბა,
_c1949.
300 _a495 გვ. ;
_c23 სმ.
500 _aდანართი, ლექსიკონი გვ. : 353-489
541 _h3 ლ.
653 _a V-X საუკუნის ძეგლები
653 _aქართული ენა
653 _aქართული ენის ისტორიული ქრესტომათია
653 _aქართული ენის ქრესტომათიები
653 _a ქართული ენის ისტორია
700 _aშანიძე, ა.
_eრედაქტორი
_913206
710 _aსაქართველოს სსრ განათლების სამინისტრო
_913207
942 _cBK
_2udc